Biggest Cities in Romania - Statistics

General Stats
  • This quiz has been taken 91 times
  • The average score is 12 of 18
Answer Stats
Population City % Correct
1,716,961 Bucharest
98%
286,598 Cluj-Napoca
97%
250,849 Timișoara
88%
263,688 Constanța
86%
271,692 Iași
84%
237,589 Brașov
81%
234,140 Craiova
75%
145,078 Arad
66%
180,540 Ploiești
66%
134,309 Sibiu
61%
183,105 Oradea
56%
141,275 Pitești
56%
217,851 Galați
50%
136,087 Bacău
47%
154,686 Brăila
47%
116,033 Târgu Mureș
45%
108,759 Baia Mare
41%
103,481 Buzău
36%
No matching quizzes found
Score Distribution
Percent of People with Each Score
Percentile by Number Answered
Your Score History
You have not taken this quiz